تجاوز الفصل بين البحث والتعليم / (Record no. 3249)

MARC details
000 -LEADER
fixed length control field 01000nam a2200229 ar4500
001 - CONTROL NUMBER
control field 3251
005 - DATE AND TIME OF LATEST TRANSACTION
control field 20221127090717.0
008 - FIXED-LENGTH DATA ELEMENTS--GENERAL INFORMATION
fixed length control field 130507s su a 00010|ara d
020 ## - INTERNATIONAL STANDARD BOOK NUMBER
International Standard Book Number 9789960546506
082 04 - DEWEY DECIMAL CLASSIFICATION NUMBER
Classification number 378.007
Item number ب350
100 1# - MAIN ENTRY--PERSONAL NAME
Personal name برو، انجيلا.
245 10 - TITLE STATEMENT
Title تجاوز الفصل بين البحث والتعليم /
Statement of responsibility, etc. انجيلا برو ؛ ترجمة رفيدا فوزي الخباز ؛ مراجعة عبدالله ابوالكباش.
250 ## - EDITION STATEMENT
Edition statement ط. 1.
260 ## - PUBLICATION, DISTRIBUTION, ETC.
Place of publication, distribution, etc. الرياض :
Name of publisher, distributor, etc. مكتبة العبيكان،
Date of publication, distribution, etc. 2009.
300 ## - PHYSICAL DESCRIPTION
Extent 302 ص. :
Other physical details ايض. ؛
Dimensions 24 سم.
440 #0 - SERIES STATEMENT/ADDED ENTRY--TITLE
Title مشروع الترجمة المشترك ؛
Volume/sequential designation 37.
500 ## - GENERAL NOTE
General note ترجمة لكتاب: Research and teacjomg / Angela Brew. 2006.
504 ## - BIBLIOGRAPHY, ETC. NOTE
Bibliography, etc. note يتضمن ببليوجرافيا ص275-302.
650 #4 - SUBJECT ADDED ENTRY--TOPICAL TERM
Topical term or geographic name entry element التعليم العالي
General subdivision طرق البحث.
650 #4 - SUBJECT ADDED ENTRY--TOPICAL TERM
Topical term or geographic name entry element الجامعات والكليات
General subdivision هيئة التدريس.
700 0# - ADDED ENTRY--PERSONAL NAME
Personal name الخباز، رفيدة فوزي،
Relator term مترجم.
Holdings
Withdrawn status Lost status Source of classification or shelving scheme Damaged status Not for loan Home library Current library Date acquired Total Checkouts Full call number Barcode Date last seen Copy number Price effective from Koha item type
              11/27/2022   378.007 ب350 1000000010139 11/27/2022 ل 1 11/27/2022 Book
          CENTRAL CENTRAL 11/27/2022   378.007 ب350 1000000008264 11/27/2022 C1 11/27/2022 Book